[Event "41st TCh-ITA"]
[Site "Senigallia ITA"]
[Date "2009.05.02"]
[Round "6"]
[White "Georgiev,Ki"]
[Black "Caruana,F"]
[Result "1-0"]
[WhiteElo "2637"]
[BlackElo "2649"]

1.Nf3 d5 2.d4 Nf6 3.c4 c6 4.Nc3 e6 5.e3 Nbd7 6.Qc2 Bd6 7.Be2 O-O 8.O-O dxc4
9.Bxc4 a6 10.Rd1 b5 11.Be2 Qc7 12.Ne4 Nxe4 13.Qxe4 e5 14.Qd3 exd4 15.Qxd4 Be7
16.Qf4 Qxf4 17.exf4 Bf6 18.Nd4 Bxd4 19.Rxd4 Nf6 20.Bf3 Nd5 21.Bxd5 cxd5 22.Rxd5 Be6
23.Rd4 Rfd8 24.Rxd8+ Rxd8 25.Be3 h5 26.h3 a5 27.Kh2 Rd3 28.Kg3 b4 29.Kh4 g6
30.a3 bxa3 31.bxa3 a4 32.Rb1 Rb3 33.Rd1 Rb8 34.Rd4 Ra8 35.Rb4 Kf8 36.Bc5+ Ke8
37.Bd4 Kd7 38.f3 Kc6 39.g4 Ra5 40.f5 Bd5 41.fxg6 fxg6 42.f4 hxg4 43.hxg4 Bb3
44.Rb6+ Kd5 45.Be5 Bc2 46.Rd6+ Kc4 47.Kg5 Kb3 48.Rc6 Be4 49.Rc3+ Ka2 50.Re3 Bc2
51.Re2 Kb3 52.Rxc2 Kxc2 53.Kxg6 Kb3 54.g5 Kxa3 55.Kf5 Kb4 56.g6 a3 57.Kf6 Rxe5
58.fxe5 a2 59.g7 a1=Q 60.g8=Q Qf1+ 61.Ke7 Qb5 62.Qe6 Qb7+ 63.Qd7 Qe4 64.Qd6+ Kb5
65.e6 Qh4+ 66.Kd7 Qg4 67.Kc7 Qg1 68.e7  1-0

[Event "Moscow Region Spring GM"]
[Site "Serpukhov RUS"]
[Date "2009.05.02"]
[Round "3"]
[White "Savina,A"]
[Black "Bagrationi,A"]
[Result "1/2-1/2"]
[WhiteElo "2258"]
[BlackElo "2370"]

1.d4 d5 2.c4 c6 3.Nc3 Nf6 4.e3 e6 5.Nf3 Nbd7 6.Bd3 dxc4 7.Bxc4 b5 8.Bd3 Bb7
9.O-O a6 10.e4 c5 11.d5 Qc7 12.dxe6 fxe6 13.Ng5 Qc6 14.Be2 Rd8 15.f4 c4 16.Bf3 Qb6+
17.Kh1 Ne5 18.Nd5 Nxf3 19.Nxb6 Rxd1 20.Rxd1 Nxg5 21.fxg5 Ng4 22.Rd7 Bc5 23.Rxb7 O-O
24.Be3 Bxe3 25.h3 Nf2+ 26.Kh2 Nd3 27.Nd7 Rf2 28.Rb8+ Kf7 29.Rf8+ Ke7 30.Rxf2 Bxf2
31.Nb8 Nxb2 32.Nxa6 Nd3 33.a3 c3 34.Nb4 Nxb4 35.axb4 Be3 36.Ra2 Kd6 37.Kg3 Ke5
38.Kf3 Kd4 39.Ke2 Kxe4 40.h4 Kd4 41.g3 e5 42.Rc2 g6 43.Ra2 h6 44.gxh6 Bxh6
45.g4 Bf4 46.g5 Kc4 47.h5 gxh5 48.g6 Bh6 49.Ra7 c2 50.g7 c1=N+ 51.Kf3 Bxg7
52.Rxg7 Nd3 53.Ke4 Nxb4  1/2-1/2

[Event "Open"]
[Site "Thessaloniki GRE"]
[Date "2009.05.02"]
[Round "7"]
[White "Esen,B"]
[Black "Obodchuk,A"]
[Result "1-0"]
[WhiteElo "2472"]
[BlackElo "2393"]

1.d4 Nf6 2.c4 e6 3.Nf3 d5 4.Nc3 c6 5.e3 Nbd7 6.Bd3 dxc4 7.Bxc4 b5 8.Bd3 a6
9.e4 c5 10.e5 cxd4 11.Nxb5 axb5 12.exf6 gxf6 13.O-O Qb6 14.Qe2 b4 15.Rd1 Bc5
16.a4 Bb7 17.Bf4 h5 18.Nh4 Kf8 19.Be4 f5 20.Bxb7 Qxb7 21.Be5 Rg8 22.Bxd4 Rg4
23.Bxc5+ Nxc5 24.Qe5 Rxh4 25.Qxc5+ Kg8 26.Rd4 Rxd4 27.Qxd4 b3 28.h3 Qc7 29.Qf6 Qf4
30.g3 Qd2 31.Qe5 Rc8 32.Rf1 Qb4 33.Ra1 Qd2 34.Rf1 Qb4 35.Qe3 Qxa4 36.Qg5+ Kf8
37.Rd1 Qe4 38.Rd7 Qb4 39.Qf6  1-0

[Event "ch-RUS U20"]
[Site "Dagomys RUS"]
[Date "2009.05.03"]
[Round "5"]
[White "Rakhmanov,Ale"]
[Black "Sjugirov,S"]
[Result "1/2-1/2"]
[WhiteElo "2543"]
[BlackElo "2588"]

1.d4 d5 2.c4 e6 3.Nc3 c6 4.e3 Nf6 5.Nf3 Nbd7 6.Qc2 Bd6 7.Bd3 dxc4 8.Bxc4 a6
9.a4 O-O 10.O-O c5 11.Rd1 Qc7 12.Ne4 Be7 13.Nxf6+ Nxf6 14.b3 b6 15.dxc5 Qxc5
16.Ba3 Qc7 17.Bxe7 Qxe7 18.Ne5 Bb7 19.Qe2 Qc5 20.Qb2 Rfd8 21.Rac1 h6 22.h3 Qe7
23.Rd4 Ne4 24.Rcd1 Nc5 25.f3 a5 26.Qd2 Rxd4 27.Qxd4 Qg5 28.Kh2 Rc8 29.Nd7 Nxd7
30.Qxd7 Qe5+ 31.Kh1 Qc7 32.Qxc7 Rxc7 33.Rd8+ Kh7 34.Rd6 Bc6 35.Bd3+ g6 36.e4 Kg7
37.Ba6 Kf6 38.Rd8 Bb7 39.Bxb7 Rxb7 40.Rd6 Ke5 41.Rc6 Kd4 42.Rc4+ Kd3 43.Kh2 b5
44.Rc6 Kd4 45.Kg3 bxa4 46.bxa4 Rb4 47.Rc7 f5 48.exf5 gxf5 49.Rh7 Rxa4 50.Rxh6 Ke5
51.Rh8 Ra1 52.h4 a4  1/2-1/2

[Event "84th ch-ARG Semifinal"]
[Site "La Plata ARG"]
[Date "2009.05.03"]
[Round "6"]
[White "Mareco,S"]
[Black "Lafuente,P"]
[Result "1/2-1/2"]
[WhiteElo "2503"]
[BlackElo "2524"]

1.d4 d5 2.c4 c6 3.Nf3 Nf6 4.Nc3 e6 5.e3 a6 6.a3 Nbd7 7.c5 Qc7 8.b4 e5 9.Bb2 Be7
10.h3 O-O 11.dxe5 Nxe5 12.Be2 Re8 13.Nd4 Bd8 14.O-O Qe7 15.Qc2 Bc7 16.Rae1 Ng6
17.Bd3 Ne5 18.Be2 Ng6 19.Bd3 Ne5 20.Be2  1/2-1/2

[Event "Moscow Region Spring GM"]
[Site "Serpukhov RUS"]
[Date "2009.05.03"]
[Round "5"]
[White "Simantsev,M"]
[Black "Bagrationi,A"]
[Result "1-0"]
[WhiteElo "2511"]
[BlackElo "2370"]

1.d4 d5 2.c4 c6 3.Nc3 Nf6 4.e3 e6 5.Nf3 Nbd7 6.Qc2 Bd6 7.b3 O-O 8.Be2 b6
9.O-O Bb7 10.Bb2 Re8 11.Rad1 Qe7 12.Rfe1 Rad8 13.Bf1 c5 14.cxd5 exd5 15.g3 a6
16.Bg2 Bb8 17.Nh4 g6 18.dxc5 Nxc5 19.Nf3 Rc8 20.Bh3 Ne6 21.Qb1 d4 22.Nxd4 Ng5
23.Bxc8 Rxc8 24.e4 Qd7 25.f3 Be5 26.Re3 Bxd4 27.Kh1 Bxe3 28.Rxd7 Nxd7 29.Qd3 Ne5
30.Qxe3 Ngxf3 31.Qxb6 Bc6 32.Nd5 Bxd5 33.exd5 Rc2 34.Qb8+ Kg7 35.Bxe5+ Kh6
36.g4 Kg5 37.Bf6+  1-0

[Event "Moscow Region Spring GM"]
[Site "Serpukhov RUS"]
[Date "2009.05.04"]
[Round "4"]
[White "Belous,V"]
[Black "Potapov,P"]
[Result "0-1"]
[WhiteElo "2414"]
[BlackElo "2430"]

1.c4 c6 2.d4 d5 3.Nf3 Nf6 4.e3 e6 5.Nc3 Nbd7 6.Qc2 Bd6 7.g4 h6 8.Rg1 e5 9.cxd5 cxd5
10.Bd2 O-O 11.Nb5 Bb8 12.Rc1 e4 13.Nh4 Nb6 14.Bb4 Re8 15.Nc7 Bxc7 16.Qxc7 Bxg4
17.Qg3 Rc8 18.Bc3 Qc7 19.Qg2 g5 20.Be2 Bxe2 21.Nf5 Kh7 22.Kxe2 g4 23.Qg3 Qxg3
24.Rxg3 Re6 25.h3 h5 26.hxg4 hxg4 27.Rh1+ Kg6 28.Nh4+ Kg7 29.Kd1 Nc4 30.b3 Nd6
31.Bb4 Kg8 32.Rg2 a5 33.Bxd6 Rxd6 34.Nf5 Rd7 35.Rgh2 Kf8 36.Ke2 Rdc7 37.Kf1 Rc1+
38.Kg2 Rxh1 39.Rxh1 Ng8 40.Kg3 Rc2 41.a4 Rc3 42.Kf4 Rc2 43.Rh8 Rxf2+ 44.Kg5 g3
45.Nh6 Kg7 46.Rxg8+ Kh7 47.Kh4 Kxh6 48.Rxg3 f5 49.Rg8 Rf3 50.Rd8 Rxe3 51.Rd6+ Kg7
52.Rxd5 Kf6 53.Rd6+ Kg7 54.Rb6 f4 55.Rxb7+ Kf6 56.Rb6+ Ke7 57.Rb7+ Kd6 58.Rf7 f3
59.Rf5 Rxb3 60.Kg3 Rb2 61.Re5 Re2  0-1

[Event "Open"]
[Site "Thessaloniki GRE"]
[Date "2009.05.04"]
[Round "9"]
[White "Simanjuntak,S"]
[Black "Kounalakis,E"]
[Result "1/2-1/2"]
[WhiteElo "2260"]
[BlackElo "2090"]

1.d4 d5 2.Nf3 Nf6 3.c4 c6 4.e3 e6 5.Nc3 Nbd7 6.Bd3 dxc4 7.Bxc4 b5 8.Bd3 Bb7
9.O-O a6 10.e4 c5 11.d5 c4 12.Bc2 Qc7 13.dxe6 fxe6 14.Ng5 Nc5 15.e5 Qxe5
16.Re1 Qd6 17.Qxd6 Bxd6 18.Be3 O-O 19.Bxc5 Bxc5 20.Nxe6 Rfc8 21.Nxc5 Rxc5
22.Re7 Rb8 23.Rd1 Kf8 24.Re3 Re8 25.Rxe8+ Kxe8 26.f3 Re5 27.Kf2 Ke7 28.h3 g6
29.a3 Bc6 30.f4 Re6 31.g4 Ne4+ 32.Bxe4 Bxe4 33.Re1 Bc6 34.Rxe6+ Kxe6 35.Ke3 Bg2
36.h4 Bh3 37.g5 Bg2 38.Ne2 Kf5 39.Nd4+ Kg4 40.Ne6 Bd5 41.Nf8 Bg8 42.Nd7 Kxh4
43.Nf6 Bf7 44.Nxh7 a5 45.Nf6 b4 46.axb4 axb4 47.Nd7 c3 48.bxc3 bxc3  1/2-1/2

[Event "2nd Mayors Cup"]
[Site "Mumbai IND"]
[Date "2009.05.05"]
[Round "6"]
[White "Abhilash,R"]
[Black "Saptarshi,R"]
[Result "0-1"]
[WhiteElo "2121"]
[BlackElo "2396"]

1.d4 d5 2.Nf3 e6 3.c4 c6 4.e3 Nf6 5.Nc3 a6 6.Qc2 Nbd7 7.b3 Bd6 8.Be2 O-O
9.Bb2 dxc4 10.Bxc4 b5 11.Be2 c5 12.Ne4 Nxe4 13.Qxe4 Rb8 14.dxc5 Nxc5 15.Qd4 f6
16.O-O e5 17.Qd2 Bb7 18.Rfd1 Ne4 19.Qe1 Qe7 20.a3 Nc5 21.Nd2 Qe6 22.a4 Bd5
23.axb5 axb5 24.Ra5 Nxb3 25.Rxb5 Rxb5 26.Bxb5 Bb4 27.e4 Nxd2 28.exd5 Qxd5
29.Qe2 Rb8 30.Bd3 Kh8 31.Bc4 Qxc4 32.Rxd2 Qxe2 33.Rxe2 Ba3 34.Bc3 Rb3 35.Ba5 Rb1+
36.Re1 Rxe1+ 37.Bxe1 g5 38.Bc3 Kg7 39.Kf1 h5 40.Ke2 Kf7 41.f3 Ke6 42.h4 g4
43.fxg4 hxg4 44.Bd2 f5 45.Kd3 Bf8 46.h5 Kf6 47.Kc4 f4 48.Kd3 Kf5 49.Be1 e4+
50.Ke2 f3+ 51.gxf3 gxf3+ 52.Kf2 Bh6 53.Kg3 Bf4+  0-1

[Event "Moscow Region Spring GM"]
[Site "Serpukhov RUS"]
[Date "2009.05.05"]
[Round "8"]
[White "Savina,A"]
[Black "Matsenko,S"]
[Result "0-1"]
[WhiteElo "2258"]
[BlackElo "2435"]

1.d4 d5 2.c4 c6 3.Nc3 Nf6 4.e3 e6 5.Nf3 Nbd7 6.Qc2 Bd6 7.Be2 O-O 8.O-O dxc4
9.Bxc4 a6 10.Rd1 b5 11.Be2 Qc7 12.e4 e5 13.g3 Re8 14.a3 exd4 15.Nxd4 Be5
16.Bf3 Nb6 17.Nf5 h6 18.a4 Bd7 19.Be3 c5 20.axb5 axb5 21.Rxa8 Rxa8 22.Ne7+ Kh8
23.Ncd5 Nbxd5 24.exd5 Bd6 25.Nf5 Bxf5 26.Qxf5 Qd7 27.Qd3 Rc8 28.b3 Ng4 29.Bxg4 Qxg4
30.Ra1 c4 31.bxc4 bxc4 32.Qd1 Qxd1+ 33.Rxd1 c3 34.Bf4 c2  0-1

[Event "Moscow Region Spring GM"]
[Site "Serpukhov RUS"]
[Date "2009.05.06"]
[Round "10"]
[White "Savina,A"]
[Black "Potapov,P"]
[Result "1-0"]
[WhiteElo "2258"]
[BlackElo "2430"]

1.d4 d5 2.c4 c6 3.Nc3 e6 4.e3 Nf6 5.Nf3 Nbd7 6.Bd3 Bd6 7.O-O O-O 8.e4 dxc4
9.Bxc4 e5 10.Bg5 b5 11.Bb3 Bb7 12.d5 Nb6 13.dxc6 Bxc6 14.Qe2 b4 15.Nb5 Bb8
16.Rfd1 Qe8 17.Nd6 Bxd6 18.Bxf6 Bc7 19.Bg5 Kh8 20.Nh4 a5 21.Rac1 f6 22.Rxc6 fxg5
23.Ng6+ hxg6 24.Rd3 Rf4 25.Rh3+ Rh4 26.Qg4 Rh6 27.Rxc7 a4 28.Rxh6+ gxh6 29.Qf3 Qf8
30.Rf7 Qd8 31.Be6 Rb8 32.g4 a3 33.b3 Na8 34.Kg2 Nc7 35.Rd7 Nxe6 36.Rxd8+ Nxd8
37.Qf8+ Kh7 38.Qe7+ Kg8 39.Qd6 Rc8 40.Qxg6+ Kh8 41.Qxh6+  1-0

[Event "Copenhagen Chess Challenge"]
[Site "Ballerup DEN"]
[Date "2009.05.07"]
[Round "3"]
[White "Brynell,S"]
[Black "Rusev,K"]
[Result "0-1"]
[WhiteElo "2463"]
[BlackElo "2498"]

1.d4 d5 2.c4 c6 3.Nc3 Nf6 4.e3 e6 5.Nf3 Nbd7 6.Bd3 dxc4 7.Bxc4 b5 8.Bd3 a6
9.a4 b4 10.Ne4 c5 11.dxc5 Nxc5 12.Nxc5 Bxc5 13.O-O Bb7 14.Qe2 O-O 15.e4 Nd7
16.Rd1 Qe7 17.Bf4 e5 18.Bg5 f6 19.Bc4+ Kh8 20.Bd2 Nb6 21.Bb3 a5 22.Nh4 Ba6
23.Qg4 Bc4 24.Bxc4 Nxc4 25.b3 Nd6 26.Rac1 Rac8 27.Nf5 Nxf5 28.Qxf5 Rc7 29.h3 Rd8
30.Qf3 h6 31.Be3 Bxe3 32.Qxe3 Rd4 33.Re1 Rcd7 34.Qf3 Qe6 35.Re3 Rd8 36.Rc5 Qb6
37.Rb5 Qc7 38.Qf5 Rd2 39.Kh2 Rb2 40.Rd5 Rxd5 41.exd5 Rd2 42.Qe4 Rxf2 43.Rd3 Qd6
44.Rd1 Rf4 45.Qg6 Rd4 46.Qe8+ Kh7 47.Qe6 Qxe6 48.dxe6 Kg6 49.Rc1 Rd8 50.Rc5 Ra8
51.g4 Ra6 52.Kg3 Rxe6 53.Rxa5 Rc6 54.Rb5 Rc3+ 55.Kh4 Rxb3 56.a5 Kh7 57.Rb7 Ra3
58.a6 Rxa6 59.Kh5 Ra3 60.h4 e4 61.g5 hxg5 62.hxg5 Ra5  0-1

[Event "Copenhagen Chess Challenge"]
[Site "Ballerup DEN"]
[Date "2009.05.07"]
[Round "3"]
[White "Brondum,E"]
[Black "Tandrup,M"]
[Result "1/2-1/2"]
[WhiteElo "2138"]
[BlackElo "1917"]

1.d4 d5 2.Nf3 Nf6 3.c4 c6 4.e3 e6 5.Nc3 dxc4 6.Bxc4 b5 7.Bd3 Bb7 8.e4 a6
9.Qe2 c5 10.d5 c4 11.Bc2 exd5 12.Nxd5 Nxd5 13.exd5+ Be7  1/2-1/2

[Event "Copenhagen Chess Challenge"]
[Site "Ballerup DEN"]
[Date "2009.05.08"]
[Round "4"]
[White "Hvenekilde,J"]
[Black "Holmsgaard,H"]
[Result "1/2-1/2"]
[WhiteElo "2184"]
[BlackElo "2330"]

1.d4 d5 2.Nf3 Nf6 3.c4 c6 4.e3 e6 5.Nc3 Nbd7 6.cxd5 exd5 7.Bd3 Bd6 8.Bd2 O-O
9.Rc1 Re8 10.Bb1 Ne4 11.Nxe4 dxe4 12.Ng1 Qg5 13.Kf1 Nf6 14.Ne2 Bg4 15.Qe1 Rad8
16.a4 Qh5 17.Ng3 Qh4 18.Kg1 Bb8 19.Rc5 Bd6 20.Rc1 Bc8 21.a5 a6 22.Bb4 Bb8
23.Rc5 Nd5 24.Bd2 Bd6 25.Rc2 g6 26.Ba2 Bf8 27.Ne2 Qf6 28.Rc1 Qf5 29.Bb1 Qf6
30.Nc3 Qh4 31.Nxd5 Rxd5 32.f4 Qxe1+ 33.Bxe1 Rb5 34.Rc2 Be6 35.h3 Bb3 36.Rf2 Bb4
37.Bxb4 Rxb4 38.f5 Rb5 39.fxg6 hxg6 40.Rf4 Bd5 41.Rf2 Rxa5 42.Kh2 Ra1 43.g4 a5
44.Kg2 a4 45.Bc2 Rxh1 46.Kxh1 b5 47.Rf4 Kg7 48.g5  1/2-1/2

[Event "Copenhagen Chess Challenge"]
[Site "Ballerup DEN"]
[Date "2009.05.08"]
[Round "4"]
[White "Bekker Jensen,Da"]
[Black "Pallesen,Ja"]
[Result "1-0"]
[WhiteElo "2330"]
[BlackElo "2030"]

1.d4 d5 2.c4 c6 3.Nc3 Nf6 4.e3 e6 5.Nf3 Be7 6.Qc2 O-O 7.Bd3 a6 8.O-O b5 9.b3 Nbd7
10.e4 b4 11.e5 bxc3 12.exf6 Nxf6 13.Qxc3 a5 14.Ne5 Qb6 15.c5 Qb7 16.Re1 h6
17.Bc2 Bd7 18.Bd2 Rfb8 19.Qh3 Bf8 20.Qg3 Nh5 21.Qf3 Nf6 22.Bxh6 gxh6 23.Qxf6 Be8
24.Re3 Bg7 25.Rg3 a4 26.Qxg7+  1-0

[Event "Copenhagen Chess Challenge"]
[Site "Ballerup DEN"]
[Date "2009.05.08"]
[Round "5"]
[White "Peschardt,S"]
[Black "Akdag,D"]
[Result "1-0"]
[WhiteElo "2104"]
[BlackElo "2199"]

1.d4 d5 2.c4 c6 3.Nc3 Nf6 4.e3 e6 5.Nf3 Nbd7 6.Qc2 Bd6 7.Bd3 O-O 8.O-O Qe7
9.cxd5 exd5 10.Re1 Qd8 11.h3 Re8 12.Bd2 Nf8 13.Re2 b6 14.Rae1 Ng6 15.e4 dxe4
16.Nxe4 Nxe4 17.Bxe4 Ba6 18.Bxg6 Rxe2 19.Rxe2 Bxe2 20.Bxf7+ Kxf7 21.Ng5+ Ke7
22.Qe4+ Kd7 23.Qf5+ Kc7 24.Ne6+ Kb7 25.Nxd8+ Rxd8 26.Bg5 Rc8 27.Qe6  1-0

[Event "Copenhagen Chess Challenge"]
[Site "Ballerup DEN"]
[Date "2009.05.08"]
[Round "5"]
[White "Brondum,E"]
[Black "Lauritsen,M"]
[Result "1/2-1/2"]
[WhiteElo "2138"]
[BlackElo "2063"]

1.d4 d5 2.Nf3 Nf6 3.c4 c6 4.Nc3 e6 5.e3 Nbd7 6.Qc2 Bd6 7.b3 O-O 8.cxd5 exd5
9.Bd3 Re8 10.Bb2 Nf8 11.h3 Qe7 12.O-O-O Ne4 13.g4 b5 14.Ne5 Nxc3 15.Qxc3 Bb7
16.Nf3 a5 17.g5 a4 18.Bc2 axb3 19.Bxb3 Bc8 20.Ne5 Be6 21.f4 Rac8 22.Qd3 g6
23.Ng4 Bf5 24.Nh6+ Kh8 25.Nxf5 gxf5 26.Rde1 Qe4 27.Qxe4 fxe4 28.Kb1 Nd7 29.h4 Nb6
30.h5 h6 31.Rhg1 Rg8 32.Re2 Kh7 33.Reg2 f5 34.Bd1 Nd7 35.Be2 Bb4 36.Bf1 Nb6
37.Re2 Nc4 38.Bh3 Rcf8 39.Bc1 Rg7 40.Reg2 Nd6 41.a3 Ba5 42.Rc2 Rc8 43.Bd2 Bxd2
44.Rxd2 Rgg8 45.Bf1 Rc7 46.Be2 Nf7 47.g6+ Kh8 48.Rc1 Nd6 49.Rb2 Rgc8 50.Rc5 Kg7
51.a4 bxa4 52.Ra5 Kf6 53.Rxa4 Ne8 54.Rab4 Ke6 55.Rb8 Kd7 56.Ba6 Rxb8 57.Rxb8 Ra7
58.Be2 Ke7 59.Kc1 Ra2 60.Rb7+ Kf8 61.Kd1 Ng7 62.Rf7+ Kg8 63.Rc7 Kf8 64.Rxc6 Ra1+
65.Rc1 Rxc1+ 66.Kxc1 Ke7 67.Kb2 Kd6 68.Kc3 Kc6 69.Kb4 Kb6 70.Bd1 Ne6 71.Be2 Ng7
72.Bd1 Ne6 73.Kb3 Ka5 74.Kc3 Ng7  1/2-1/2

[Event "ch-RUS U20 w"]
[Site "Dagomys RUS"]
[Date "2009.05.08"]
[Round "9"]
[White "Pustovoitova,D"]
[Black "Girya,O"]
[Result "0-1"]
[WhiteElo "2286"]
[BlackElo "2335"]

1.d4 d5 2.c4 c6 3.e3 Nf6 4.Nc3 e6 5.Nf3 Nbd7 6.Qc2 Bd6 7.e4 dxe4 8.Nxe4 Nxe4
9.Qxe4 c5 10.Bg5 Nf6 11.Bxf6 Qxf6 12.a3 cxd4 13.Nxd4 Qe5 14.Qxe5 Bxe5 15.O-O-O Bd7
16.Be2 Ba4 17.Nc2 Ke7 18.g3 Rac8 19.Rd2 Rhd8 20.Rxd8 Kxd8 21.Kb1 Ke7 22.Rc1 Rd8
23.Rd1 Rxd1+ 24.Bxd1 g5 25.Ne3 Bc6 26.b4 b6 27.Kc2 f5 28.Kd2 g4 29.Nc2 Bb2
30.b5 Bb7 31.a4 Kd6 32.Ne1 Bd4 33.Nd3 e5 34.Ke1 Bc8 35.Nc1 Kc5 36.Be2 Kb4
37.Nd3+ Kxa4 38.Bd1+ Ka3 39.Kf1 Be6  0-1

[Event "Mitropa Cup"]
[Site "Rogaska Slatina SLO"]
[Date "2009.05.09"]
[Round "1"]
[White "Erdos,V"]
[Black "Ragger,M"]
[Result "1/2-1/2"]
[WhiteElo "2581"]
[BlackElo "2544"]

1.d4 d5 2.c4 c6 3.Nc3 Nf6 4.e3 e6 5.Nf3 Nbd7 6.Bd3 dxc4 7.Bxc4 b5 8.Bd3 Bb7
9.a3 a5 10.O-O Be7 11.e4 b4 12.Na4 bxa3 13.bxa3 c5 14.e5 Nd5 15.dxc5 Nxc5
16.Nxc5 Bxc5 17.Bb5+ Kf8 18.Bd2 h6 19.Qe2 g6 20.Rfc1 Qe7 21.a4  1/2-1/2

[Event "Mitropa Cup"]
[Site "Rogaska Slatina SLO"]
[Date "2009.05.09"]
[Round "1"]
[White "Lenic,L"]
[Black "Saric,A"]
[Result "0-1"]
[WhiteElo "2574"]
[BlackElo "2502"]

1.d4 d5 2.c4 c6 3.Nf3 Nf6 4.e3 e6 5.Nc3 Nbd7 6.Bd3 dxc4 7.Bxc4 b5 8.Bd3 b4
9.Na4 c5 10.dxc5 Nxc5 11.Nxc5 Bxc5 12.Qe2 Bb7 13.e4 h6 14.O-O O-O 15.b3 Qe7
16.Bb2 Rfd8 17.Rad1 a5 18.e5 Nd5 19.Qe4 g6 20.Qg4 Nc3 21.Bxc3 bxc3 22.Be4 Rxd1
23.Rxd1 Rd8 24.Rf1 Bxf2+ 25.Kxf2 Qb4 26.Qh4 Rd4 27.Nxd4 Qxd4+ 28.Kf3 Qd3+
29.Kf2 Qd4+ 30.Kf3 Qd3+ 31.Kf2 Bxe4 32.Kg1 c2 33.Qf4 Bf5 34.h3 g5 35.Qf2 Qc3
36.Qe1 Qb2 37.Qa1 Qa3 38.Kh2 Bd3 39.Re1 Qc5 40.Qc1 Qf2 41.Re3 Qf4+ 42.Kg1 Be2
43.Kh1 h5 44.a3 Kf8 45.b4 g4 46.bxa5 g3 47.Qg1 Bf1 48.Rc3 Bxg2+ 49.Qxg2 c1=Q+
50.Rxc1 Qxc1+ 51.Qg1 Qc6+ 52.Qg2 Qc1+ 53.Qg1 Qxa3 54.Qe1 h4 55.Kg2 Ke7 56.Qd2 Ke8
57.Qe1 Qa2+ 58.Kf3 Qd5+ 59.Kf4 g2 60.Qf2 Qc4+ 61.Ke3 g1=Q  0-1

[Event "III Open"]
[Site "La Laguna ESP"]
[Date "2009.05.10"]
[Round "9"]
[White "Villavicencio Martinez,A"]
[Black "Arnaiz Yanes,M"]
[Result "0-1"]
[WhiteElo "2363"]
[BlackElo "1995"]

1.d4 Nf6 2.Nf3 d5 3.c4 c6 4.Nc3 e6 5.e3 Be7 6.Bd3 O-O 7.O-O b6 8.Qe2 Ba6
9.b3 Qc7 10.Bb2 Nbd7 11.Rac1 Rac8 12.h3 Qb8 13.Ne5 Rfd8 14.f4 c5 15.a4 cxd4
16.exd4 Nf8 17.f5 dxc4 18.bxc4 Rxd4 19.Nd5 Rxd5 20.cxd5 Bxd3 21.Qxd3 Bc5+
22.Kh1 exd5 23.Bd4 Ne4 24.Kg1 Qxe5  0-1

[Event "Mitropa Cup"]
[Site "Rogaska Slatina SLO"]
[Date "2009.05.10"]
[Round "2"]
[White "Lenic,L"]
[Black "Berczes,D"]
[Result "1/2-1/2"]
[WhiteElo "2574"]
[BlackElo "2513"]

1.d4 d5 2.c4 c6 3.Nf3 Nf6 4.e3 e6 5.Nc3 Nbd7 6.Bd3 dxc4 7.Bxc4 b5 8.Bd3 a6
9.a4 b4 10.Nb1 Bb7 11.Nbd2 c5 12.O-O Be7 13.Qe2 Qc7 14.a5 O-O 15.Re1 Rfd8
16.Nc4 Be4 17.Bxe4 Nxe4 18.Nfd2 Nef6 19.b3 Nd5 20.Bb2 Nc3 21.Qf1  1/2-1/2

[Event "Mitropa Cup"]
[Site "Rogaska Slatina SLO"]
[Date "2009.05.10"]
[Round "2"]
[White "Pilaj,H"]
[Black "Baramidze,D"]
[Result "0-1"]
[WhiteElo "2373"]
[BlackElo "2547"]

1.Nf3 d5 2.d4 Nf6 3.c4 c6 4.Nc3 e6 5.e3 Nbd7 6.Qc2 Bd6 7.Bd3 O-O 8.O-O dxc4
9.Bxc4 a6 10.Rd1 b5 11.Be2 Qc7 12.Ne4 Nxe4 13.Qxe4 Bb7 14.Qh4 c5 15.dxc5 Nxc5
16.Bd2 Be7 17.Qh5 Ne4 18.Rac1 Qb6 19.Ne5 g6 20.Qh3 Rfd8 21.Be1 Rxd1 22.Rxd1 Rd8
23.Nxf7 Rxd1 24.Nh6+ Kg7 25.Bxd1 Qc5 26.Bb3 Qc1 27.Kf1 Bb4  0-1

[Event "Mitropa Cup"]
[Site "Rogaska Slatina SLO"]
[Date "2009.05.10"]
[Round "2"]
[White "Braun,A"]
[Black "Kreisl,R"]
[Result "1-0"]
[WhiteElo "2564"]
[BlackElo "2389"]

1.d4 d5 2.c4 c6 3.Nf3 Nf6 4.Nc3 e6 5.e3 Nbd7 6.Bd3 dxc4 7.Bxc4 b5 8.Bd3 Bb7
9.a3 Bd6 10.O-O O-O 11.Qc2 Qe7 12.Bd2 a5 13.e4 e5 14.Ne2 c5 15.Ng3 g6 16.dxe5 Nxe5
17.Bxb5 Nxf3+ 18.gxf3 Qe6 19.Rfe1 Be5 20.Rad1 h5 21.Bc4 Qh3 22.Bc3 Rae8 23.Bxe5 Rxe5
24.Qc3 Rfe8 25.Rd6 Qh4 26.Red1 Qg5 27.Qe3 Qxe3 28.fxe3 Kg7 29.Rb6 R5e7 30.Rdd6 Nh7
31.Kf2 h4 32.Ne2 Bxe4 33.fxe4 Rxe4 34.Bb5 R8e5 35.Nf4 Rxe3 36.Rd7 R3e4 37.Rxg6+ Kf8
38.Rd8+ Re8 39.Rxe8+ Rxe8 40.Bxe8 fxg6 41.Bxg6  1-0

[Event "Mitropa Cup"]
[Site "Rogaska Slatina SLO"]
[Date "2009.05.10"]
[Round "2"]
[White "Ragger,M"]
[Black "Gustafsson,J"]
[Result "1/2-1/2"]
[WhiteElo "2544"]
[BlackElo "2631"]

1.Nf3 d5 2.d4 Nf6 3.c4 c6 4.Nc3 e6 5.e3 Nbd7 6.Qc2 Bd6 7.Bd3 dxc4 8.Bxc4 O-O
9.O-O a6 10.Rd1 b5 11.Be2 Qc7 12.Ne4 Nxe4 13.Qxe4 Bb7 14.Qh4 c5 15.Bd3 g6
16.Ng5 h5 17.Be4 Be7 18.Bxb7 Qxb7 19.Qg3 Qb8 20.Nf3 Qxg3 21.hxg3 Rac8 22.Bd2 cxd4
23.Nxd4 Nb6 24.Be1 Bf6 25.b3 Rfd8 26.Ba5 Bxd4 27.exd4 Rd6 28.Bxb6 Rxb6 29.d5 exd5
30.Rxd5 Rc2 31.a4 bxa4 32.bxa4 Rf6 33.Rf1 Ra2 34.Ra5 Kg7 35.Kh2 Rfxf2 36.Rxf2 Rxf2
37.Rxa6 Ra2 38.Ra8 Ra1 39.Ra5 f5 40.Ra7+ Kf6 41.Ra6+ Kg5 42.Rb6 Rxa4 43.Rc6 Ra1
44.Rb6 Re1 45.Ra6 Kh6 46.Rb6 Kg7 47.Ra6 Kf7 48.Ra4 Kf6 49.Rb4 Re6 50.Ra4 Kg5
51.Rb4 Rd6 52.Ra4 Kf6 53.Ra8 Ke5 54.Re8+ Re6 55.Ra8 Kd4 56.Ra3 Rc6 57.Rb3 Ra6
58.Rf3 Re6 59.Ra3 Re4 60.Ra6 Rg4 61.Ra4+ Ke5 62.Ra5+ Kf6 63.Ra6+ Kg5 64.Rb6 h4
65.gxh4+ Rxh4+ 66.Kg3 Ra4 67.Rb3 Kh5 68.Kh3 g5 69.g3 Rd4 70.Rb8 Rd3 71.Rh8+ Kg6
72.Kg2 Ra3 73.Rf8 Ra2+ 74.Kg1 Ra5 75.Kg2 Kg7 76.Rb8 Ra2+ 77.Kg1 Kf6 78.Rb5 Re2
79.Kf1 Re5 80.Rb6+ Re6 81.Rb5 Re5 82.Rb6+ Re6 83.Rb5 Re5  1/2-1/2

[Event "Mitropa Cup"]
[Site "Rogaska Slatina SLO"]
[Date "2009.05.10"]
[Round "2"]
[White "Boensch,U"]
[Black "Schachinger,M"]
[Result "1-0"]
[WhiteElo "2523"]
[BlackElo "2350"]

1.d4 d5 2.c4 c6 3.Nf3 Nf6 4.Nc3 e6 5.e3 Nbd7 6.Bd3 dxc4 7.Bxc4 b5 8.Be2 Bb7
9.a3 Bd6 10.e4 e5 11.Bg5 O-O 12.O-O h6 13.Bh4 a6 14.Qc2 exd4 15.Nxd4 Qc7
16.Kh1 Rfe8 17.Nf5 Bf4 18.Rad1 g6 19.Ne3 a5 20.Ng4 g5 21.Nxh6+ Kh7 22.Ng4 Kg7
23.Bg3 Nxg4 24.Bxg4 Nf6 25.Bf5 Rh8 26.Kg1 Bc8 27.Nxb5 Bxg3 28.hxg3 Qe5 29.Nd4 Ba6
30.Qc3 Rae8 31.Rfe1 Rh6 32.Nxc6 Reh8 33.f4 Qb5 34.fxg5 Qb6+ 35.Qd4 Rh1+ 36.Kf2  1-0

[Event "82nd ch-St Petersburg"]
[Site "St Petersburg RUS"]
[Date "2009.05.10"]
[Round "3"]
[White "Smirnov,Arte"]
[Black "Yevseev,D"]
[Result "0-1"]
[WhiteElo "2454"]
[BlackElo "2529"]

1.d4 d5 2.c4 e6 3.Nc3 c6 4.e3 Nf6 5.Nf3 Nbd7 6.Bd3 dxc4 7.Bxc4 b5 8.Bd3 Bb7
9.e4 b4 10.Na4 c5 11.e5 Nd5 12.O-O cxd4 13.Re1 Be7 14.Nxd4 O-O 15.Qg4 Re8
16.Bb5 Kh8 17.Bd2 Rc8 18.a3 a6 19.Bd3 Nc5 20.Nxc5 Bxc5 21.Qh3 g6 22.Re4 f5
23.exf6 Qxf6 24.Nf3 bxa3 25.Rh4 Rc7 26.Qg3 axb2 27.Rf1 e5 28.Bg5 Qd6 29.Bxg6 Qxg6
30.Nxe5 b1=Q 31.Nxg6+ Qxg6 32.Rh6 Qf5 33.Bf6+ Nxf6 34.Qxc7 Qxf2+  0-1

[Event "31st Banicky kahanec"]
[Site "Prievidza SVK"]
[Date "2009.05.12"]
[Round "10"]
[White "Ftacnik,L"]
[Black "Miton,K"]
[Result "1/2-1/2"]
[WhiteElo "2559"]
[BlackElo "2596"]

1.d4 d5 2.c4 c6 3.Nf3 Nf6 4.Nc3 e6 5.e3 Nbd7 6.Qc2 Bd6 7.b3 O-O 8.Be2 e5
9.cxd5 cxd5 10.Nb5 Bb4+ 11.Bd2 Bxd2+ 12.Nxd2 a6 13.dxe5 Nxe5 14.Nd4 Bg4 15.Bxg4 Nfxg4
16.O-O Rc8 17.Qb1 g6 18.N2f3 Qe7 19.h3 Nf6 20.Nxe5 Qxe5 21.Qb2 Rc7 22.Rac1 Rfc8
23.Rxc7 Rxc7 24.Rc1 Ne4 25.Rc2 Qe7 26.Rxc7 Qxc7 27.a4 a5 28.Qc2  1/2-1/2

[Event "Mitropa Cup"]
[Site "Rogaska Slatina SLO"]
[Date "2009.05.12"]
[Round "4"]
[White "Bosiocic,Mari"]
[Black "Caruana,F"]
[Result "1-0"]
[WhiteElo "2571"]
[BlackElo "2649"]

1.Nf3 d5 2.d4 Nf6 3.c4 c6 4.Nc3 e6 5.e3 Nbd7 6.Qc2 Bd6 7.b3 O-O 8.Be2 b6
9.O-O Bb7 10.Bb2 Re8 11.Rfd1 Qe7 12.Rac1 Rad8 13.g3 c5 14.cxd5 exd5 15.Bf1 Rc8
16.Bg2 Ne4 17.Qe2 Ndf6 18.dxc5 bxc5 19.Nxe4 Nxe4 20.Nd2 Nf6 21.Bxf6 Qxf6
22.Nb1 Re5 23.Nc3 Qf5 24.Qd2 Bf8 25.Nxd5 h5 26.Nf4 Bxg2 27.Nxg2 Re4 28.Qd3 Rc6
29.h4 g6 30.Nf4 Rd6 31.Qb1 a5 32.Kg2 Kh7 33.Rxd6 Bxd6 34.Kf3 Re5 35.Qxf5 Rxf5
36.Rc4 Rf6 37.Ke2 Bf8 38.Nd3 Rb6 39.Ra4 Ra6 40.Ne5  1-0

[Event "Mitropa Cup"]
[Site "Rogaska Slatina SLO"]
[Date "2009.05.12"]
[Round "4"]
[White "Erdos,V"]
[Black "Gustafsson,J"]
[Result "1/2-1/2"]
[WhiteElo "2581"]
[BlackElo "2631"]

1.d4 d5 2.c4 c6 3.Nc3 Nf6 4.e3 e6 5.Nf3 Nbd7 6.Qc2 Bd6 7.e4 dxe4 8.Nxe4 Nxe4
9.Qxe4 c5 10.Bg5 Be7 11.Bxe7 Qa5+ 12.Ke2 Kxe7 13.g3 Qb6 14.b3 Nf6 15.Qe5 cxd4
16.Rd1 Rd8 17.Rxd4 Bd7 18.Bg2 Bc6 19.Rhd1 Rxd4  1/2-1/2